<?xml version="1.0" encoding="UTF-8"?><?xml-stylesheet type="text/xsl" href="static/style.xsl"?><OAI-PMH xmlns="http://www.openarchives.org/OAI/2.0/" xmlns:xsi="http://www.w3.org/2001/XMLSchema-instance" xsi:schemaLocation="http://www.openarchives.org/OAI/2.0/ http://www.openarchives.org/OAI/2.0/OAI-PMH.xsd"><responseDate>2026-06-01T11:55:52Z</responseDate><request verb="GetRecord" identifier="oai:riuma.uma.es:10630/8943" metadataPrefix="marc">https://riuma.uma.es/rest/oai/request</request><GetRecord><record><header><identifier>oai:riuma.uma.es:10630/8943</identifier><datestamp>2026-02-03T11:48:46Z</datestamp><setSpec>com_10630_2254</setSpec><setSpec>col_10630_37959</setSpec></header><metadata><record xmlns="http://www.loc.gov/MARC21/slim" xmlns:dcterms="http://purl.org/dc/terms/" xmlns:doc="http://www.lyncode.com/xoai" xmlns:xsi="http://www.w3.org/2001/XMLSchema-instance" xsi:schemaLocation="http://www.loc.gov/MARC21/slim http://www.loc.gov/standards/marcxml/schema/MARC21slim.xsd">
   <leader>00925njm 22002777a 4500</leader>
   <datafield ind2=" " ind1=" " tag="042">
      <subfield code="a">dc</subfield>
   </datafield>
   <datafield ind2=" " ind1=" " tag="720">
      <subfield code="a">Ponce-Ortiz, Rocío</subfield>
      <subfield code="e">author</subfield>
   </datafield>
   <datafield ind2=" " ind1=" " tag="260">
      <subfield code="c">2015-02-19</subfield>
   </datafield>
   <datafield ind2=" " ind1=" " tag="520">
      <subfield code="a">La búsqueda de nuevas tecnologías capaces de reemplazar a la tecnología actual basada en silicio representa uno de los campos de investigación científica más dinámico en la actualidad.  La electrónica y fotónica orgánica aparecen como alternativas viables, usando materiales orgánicos como componentes activos de los dispositivos.  Estos materiales presentan propiedades deseables tales como bajo coste, excelente procesabilidad y compatibilidad con sustratos plásticos, lo que permite la fabricación de circuitos y células solares mecánicamente flexibles mediante el uso de técnicas económicas como la impresión.&#xd;
En este seminario nos centraremos, en primer lugar, en determinar cuáles son algunas de las características fundamentales que debemos perseguir en el diseño de semiconductores orgánicos para transistores de efecto campo.  A su vez, se mostrarán ejemplos de cómo la espectroscopia vibracional puede servirnos como herramienta muy útil para caracterizar las distintas partes/propiedades de dichos dispositivos.</subfield>
   </datafield>
   <datafield ind1="8" ind2=" " tag="024">
      <subfield code="a">http://hdl.handle.net/10630/8943</subfield>
   </datafield>
   <datafield tag="653" ind2=" " ind1=" ">
      <subfield code="a">Semiconductores orgánicos</subfield>
   </datafield>
   <datafield ind2="0" ind1="0" tag="245">
      <subfield code="a">Semiconductores para electrónica orgánica: el papel de la espectroscopía vibracional</subfield>
   </datafield>
</record>
</metadata></record></GetRecord></OAI-PMH>